| 000 | 01107cam a2200289 a 4500 | ||
|---|---|---|---|
| 001 | 4852274 | ||
| 003 | NUST-PNEC | ||
| 005 | 20170116180728.0 | ||
| 008 | 910730s1992 maua b 001 0 eng | ||
| 010 | _a 91028992 | ||
| 020 | _a0201548569 | ||
| 040 | _cPNEC | ||
| 050 | 0 | 0 |
_aQA76.58 _b.J35 1992 |
| 082 | 0 | 0 |
_a004.35 JAJ _220 |
| 100 | 1 |
_aJaja, Joseph _9952 |
|
| 245 | 1 | 3 |
_aAn introduction to parallel algorithms / _cJoseph Jaja |
| 260 |
_aReading, Mass. : _bAddison-Wesley Pub. Co., _cc1992. |
||
| 300 |
_ax, 566 p. : _bill. ; _c25 cm. |
||
| 500 | _aIncludes Index | ||
| 504 | _aIncludes bibliographical references and index. | ||
| 650 | 0 | _aParallel algorithms. | |
| 650 | 0 |
_aParallel processing (Electronic computers) _xComputer, MIS |
|
| 856 | _uhttp://www.amazon.com/Introduction-Parallel-Algorithms-Joseph-JaJa/dp/0201548569/ref=sr_1_1?s=books&ie=UTF8&qid=1415609172&sr=1-1&keywords=0201548569 | ||
| 906 |
_a7 _bcbc _corignew _d1 _eocip _f19 _gy-gencatlg |
||
| 942 |
_2ddc _cBK |
||
| 999 |
_c61693 _d61693 |
||